Top 10 Lille Starting XI - Statistics

General Stats
  • This quiz has been taken 644 times
    97 since last reset
  • The average score is 28 of 67
Answer Stats
Team Player % Correct
2020-21, 2022-23, 2024-25 Jonathan David
93%
2018-19, 2019-20, 2020-21, 2022-23 José Fonte
91%
2009-10, 2010-11, 2011-12 Eden Hazard
85%
2018-19, 2019-20, 2020-21 Mike Maignan
84%
2020-21 Sven Botman
80%
2020-21 Burak Yılmaz
78%
2022-23, 2024-25 Lucas Chevalier
78%
2022-23, 2024-25 André Gomes
77%
2022-23 Angel Gomes
76%
2020-21 Reinildo Mandava
76%
2018-19, 2019-20, 2020-21 Zeki Çelik
76%
2019-20 Victor Osimhen
73%
2019-20, 2020-21, 2022-23, 2023-24, 2024-25 Benjamin André
69%
2018-19, 2019-20, 2020-21, 2022-23 Jonathan Bamba
64%
2018-19, 2019-20, 2020-21 Jonathan Ikone
64%
2009-10, 2010-11 Gervinho
62%
2013-14 Vincent Enyeama
62%
2018-19 Nicolas Pépé
55%
2018-19 Rafael Leão
55%
2010-11, 2011-12 Moussa Sow
54%
2024-25 Thomas Meunier
54%
2013-14 Simon Kjær
51%
2019-20 Renato Sanches
50%
2009-10, 2010-11 Yohan Cabaye
50%
2013-14 Salomon Kalou
49%
2009-10, 2010-11 Adil Rami
47%
2009-10, 2010-11, 2011-12 Mickaël Landreau
47%
2009-10, 2010-11, 2011-12, 2013-14 Rio Mavuba
46%
2024-25 Alexsandro Ribeiro
45%
2019-20 Gabriel
43%
2024-25 Hákon Arnar Haraldsson
43%
2009-10, 2010-11, 2011-12 Mathieu Debuchy
43%
2019-20, 2020-21 Boubakary Soumaré
42%
2018-19 Xeka
39%
2009-10, 2010-11, 2011-12 Aurélien Chedjou
38%
2009-10, 2010-11, 2011-12, 2013-14 Florent Balmont
36%
2011-12 Dimitri Payet
35%
2011-12, 2013-14 Marko Baša
35%
2022-23, 2024-25 Bafodé Diakité
34%
2024-25 Gabriel Gudmundsson
34%
2022-23 Rémy Cabella
34%
2019-20 Domagoj Bradarić
32%
2018-19 Thiago Mendes
32%
2013-14 Idrissa Gueye
31%
2022-23 Ismaily
31%
2024-25 Matias Fernandez-Pardo
30%
2022-23 Tiago Djaló
28%
2013-14 Marvin Martin
27%
2024-25 Mitchel Bakker
27%
2009-10, 2010-11, 2011-12, 2013-14 Franck Béria
26%
2018-19 Youssouf Koné
26%
2009-10 Pierre-Alain Frau
23%
2018-19 Adama Soumaoro
19%
2013-14 Nolan Roux
18%
2011-12 Benoît Pedretti
15%
2004-05 Jean Makoun
15%
2004-05 Mathieu Bodmer
14%
2013-14 Pape Souaré
12%
2004-05 Tony Sylva
12%
2004-05 Matthieu Chalmé
11%
2004-05 Stathis Tavlaridis
11%
2004-05 Matt Moussilou
9%
2004-05 Christophe Landrin
8%
2004-05 Grégory Tafforeau
8%
2004-05 Philippe Brunel
8%
2004-05 Rafael Schmitz
8%
2004-05 Stéphane Dumont
8%
No matching quizzes found
Score Distribution
Percent of People with Each Score
Percentile by Number Answered
Your Score History
You have not taken this quiz since the last reset